KAUMARABHRTYA6 (Record no. 15386)
[ view plain ]
| 000 -LEADER | |
|---|---|
| fixed length control field | 00313nam a22001457a 4500 |
| 003 - CONTROL NUMBER IDENTIFIER | |
| control field | SGT |
| 020 ## - INTERNATIONAL STANDARD BOOK NUMBER | |
| International Standard Book Number | 978-81-89798-85-7 |
| 082 ## - DEWEY DECIMAL CLASSIFICATION NUMBER | |
| Classification number | 618.1 |
| Item number | K16K |
| 100 ## - MAIN ENTRY--PERSONAL NAME | |
| Personal name | K.S DINESH |
| 245 ## - TITLE STATEMENT | |
| Title | KAUMARABHRTYA6 |
| 260 ## - PUBLICATION, DISTRIBUTION, ETC. (IMPRINT) | |
| Place of publication, distribution, etc | NEW DELHI |
| Name of publisher, distributor, etc | CHAUKHAMBHA PUB |
| Year of Publication | 2016 |
| 300 ## - PAGE DESCRIPTION | |
| No. of Pages | 472 |
| 650 ## - SUBJECT ADDED ENTRY--TOPICAL TERM | |
| Topical term or geographic name as entry element | AYURVEDA |
| 942 ## - ADDED ENTRY ELEMENTS (KOHA) | |
| Source of classification or shelving scheme | Dewey Decimal Classification |
| Koha item type | Books |
| 942 ## - ADDED ENTRY ELEMENTS (KOHA) | |
| -- | 40 |
| Withdrawn status | Lost status | Source of classification or shelving scheme | Damaged status | Use restrictions | Not for loan | Collection code | Home library | Current library | Shelving location | Date acquired | Vendor Name | Cost, normal purchase price | SGTU | Bill Number | Total Checkouts | Full call number | Accession No. (Barcode) | Date last seen | Date last borrowed | Bill Date | Koha item type | Total Renewals |
|---|---|---|---|---|---|---|---|---|---|---|---|---|---|---|---|---|---|---|---|---|---|---|
| Dewey Decimal Classification | Restricted Access | AYURVEDA | SGT FA-FP Library | SGT FA-FP Library | Reference Book | 29/03/2018 | CHAUKHAMBHA PUB. | 725.00 | SGTU | CP/B/967 | 2 | 618.1 K16K | FA8332 | 17/02/2020 | 15/02/2020 | 24/01/2018 | Books | |||||
| Dewey Decimal Classification | AYURVEDA | SGT FA-FP Library | SGT FA-FP Library | Text Book | 29/03/2018 | CHAUKHAMBHA PUB. | 725.00 | SGTU | CP/B/967 | 13 | 618.1 K16K | FA8333 | 02/08/2021 | 13/07/2021 | 24/01/2018 | Books | 1 | |||||
| Dewey Decimal Classification | AYURVEDA | SGT FA-FP Library | SGT FA-FP Library | Text Book | 29/03/2018 | CHAUKHAMBHA PUB. | 725.00 | SGTU | CP/B/967 | 15 | 618.1 K16K | FA8334 | 18/06/2024 | 14/06/2024 | 24/01/2018 | Books | ||||||
| Dewey Decimal Classification | AYURVEDA | SGT FA-FP Library | SGT FA-FP Library | Text Book | 29/03/2018 | CHAUKHAMBHA PUB. | 725.00 | SGTU | CP/B/967 | 27 | 618.1 K16K | FA8335 | 18/06/2024 | 14/06/2024 | 24/01/2018 | Books | 1 | |||||
| Dewey Decimal Classification | AYURVEDA | SGT FA-FP Library | SGT FA-FP Library | Text Book | 29/03/2018 | CHAUKHAMBHA PUB. | 725.00 | SGTU | CP/B/967 | 27 | 618.1 K16K | FA8336 | 18/06/2024 | 14/06/2024 | 24/01/2018 | Books |